LEADER 02019nas 2200613- 450 001 996336346903316 005 20230227213019.0 035 $a(DE-599)ZDB2659513-8 035 $a(OCoLC)609962560 035 $a(CKB)2660000000008810 035 $a(CONSER)--2022243154 035 $a(EXLCZ)992660000000008810 100 $a20091214b20082017 --- a 101 0 $aeng 135 $aurmn||||a|||| 181 $ctxt$2rdacontent 182 $cc$2rdamedia 183 $acr$2rdacarrier 200 00$aCell communication insights 210 1$aAuckland, N.Z. :$cLibertas Academica,$d2008-2017. 215 $a1 online resource 300 $aArchived by the National Library of New Zealand. 300 $aHypertext links contained in the archived instances of this title are non-functional.$5Nz 311 $a1179-5689 531 1 $aCell commun. insights 606 $aCell interaction$vPeriodicals 606 $aCellular signal transduction$vPeriodicals 606 $aCell interaction 606 $aCell Communication 606 $aCellules$xInteraction$vPériodiques 606 $aTransduction du signal cellulaire$vPériodiques 606 $aCellules$xInteraction 606 $aCell interaction$2fast$3(OCoLC)fst00850189 606 $aCellular signal transduction$2fast$3(OCoLC)fst00850288 608 $aFulltext. 608 $aInternet Resources. 608 $aPeriodicals. 608 $aSerial publications.$2fast 608 $aPeriodicals.$2fast 608 $aSerial publications.$2lcgft 615 0$aCell interaction 615 0$aCellular signal transduction 615 0$aCell interaction. 615 12$aCell Communication 615 6$aCellules$xInteraction 615 6$aTransduction du signal cellulaire 615 6$aCellules$xInteraction. 615 7$aCell interaction. 615 7$aCellular signal transduction. 676 $a571.6 906 $aJOURNAL 912 $a996336346903316 996 $aCell communication insights$92170675 997 $aUNISA LEADER 03307nam 22005535 450 001 9910300191803321 005 20200630093820.0 010 $a1-4471-6560-8 024 7 $a10.1007/978-1-4471-6560-6 035 $a(CKB)3710000000311478 035 $a(EBL)1964769 035 $a(OCoLC)908082688 035 $a(SSID)ssj0001408230 035 $a(PQKBManifestationID)11787293 035 $a(PQKBTitleCode)TC0001408230 035 $a(PQKBWorkID)11347600 035 $a(PQKB)10640089 035 $a(DE-He213)978-1-4471-6560-6 035 $a(MiAaPQ)EBC1964769 035 $a(PPN)183148193 035 $a(EXLCZ)993710000000311478 100 $a20141204d2015 u| 0 101 0 $aeng 135 $aur|n|---||||| 181 $ctxt 182 $cc 183 $acr 200 10$aDisorders of the Hand $eVolume 2: Hand Reconstruction and Nerve Compression /$fedited by Ian A. Trail, Andrew N.M. Fleming 205 $a1st ed. 2015. 210 1$aLondon :$cSpringer London :$cImprint: Springer,$d2015. 215 $a1 online resource (307 p.) 300 $aDescription based upon print version of record. 311 $a1-4471-6559-4 320 $aIncludes bibliographical references and index. 327 $aNerve Reconstruction -- Tendon Transfers -- Extensor Tendon Reconstruction -- Flexor Tendon Reconstruction -- Malunion/Nonunion Of The Digits -- Scaphoid non union -- Distal Radius Malunion -- Local Vascular Bone Graft Reconstruction -- Chronic Instability of the Fingers and Thumb -- Chronic Carpal Instability -- Chronic Distal Radio-ulna Instability -- Carpal Tunnel Syndrome -- Median Nerve Entrapment in the Forearm -- Ulnar Nerve of the Elbow -- Ulnar Tunnel Syndrome -- Compressive Neuropathies of The Radial Nerve. 330 $aThis book comes at a time when significant advances in the understanding of hand disorders have resulted in vast improvements in the quality of life for patients. It describes the techniques and practices for the diagnosis and treatment of various disorders of the hand and wrist. Each condition is discussed in detail and illustrated with images, radiographs and line drawings. Clinical pearls are provided for every chapter to provide practical guidance on surgical procedures. Disorders of the Hand contains contributions from many of the hand surgeons who are at the forefront of this evolving area in the management of both elective and trauma hand surgery. This volume and its three sister volumes aim to improve care for current patients with hand and wrist complaints, while inspiring surgeons to think in greater detail about treatment options that will provide even better care in the future. 606 $aOrthopedics 606 $aOrthopedics$3https://scigraph.springernature.com/ontologies/product-market-codes/H45000 606 $aSurgical Orthopedics$3https://scigraph.springernature.com/ontologies/product-market-codes/H45027 615 0$aOrthopedics. 615 14$aOrthopedics. 615 24$aSurgical Orthopedics. 676 $a617.575 702 $aTrail$b Ian A$4edt$4http://id.loc.gov/vocabulary/relators/edt 702 $aFleming$b Andrew N.M$4edt$4http://id.loc.gov/vocabulary/relators/edt 906 $aBOOK 912 $a9910300191803321 996 $aDisorders of the Hand$91761260 997 $aUNINA